| 000 | 00459pab a2200169 454500 | ||
|---|---|---|---|
| 008 | 180718b2007 xxu||||| |||| 00| 0 eng d | ||
| 100 | _aMarvel, Mary K. | ||
| 245 | _aOutsourcing oversight: a comparison of monitoring for in-house and contracted service | ||
| 260 | _c2007 | ||
| 300 | _ap.521-30. | ||
| 362 | _aMay-Jun | ||
| 650 | _aOutsourcing | ||
| 700 | _aMarvel, Howard P. | ||
| 773 | _aPublic Administration Review | ||
| 908 | _aN | ||
| 909 | _a77760 | ||
| 999 |
_c77760 _d77760 |
||